| 000 | 00892nac a22002291u 4500 | ||
|---|---|---|---|
| 010 | _a 99046530 | ||
| 020 | _a0321070445 | ||
| 082 | 0 | 0 |
_a338.973 _bC8209 |
| 090 |
_c2085 _d2085 |
||
| 100 | _aGosling, James J. | ||
| 245 | 1 | 0 |
_aPolitics and the American economy / _cJames J. Gosling. |
| 260 |
_aNew York : _bLongman,2000 _c2000. |
||
| 300 |
_axiv, 175 p. : _bill. ; _c24 cm. |
||
| 504 | _aIncludes bibliographical references and index. | ||
| 650 | 0 | 0 |
_aDemocracy _zUnited States. |
| 650 | 0 | 0 |
_aCapitalism _zUnited States. |
| 650 | 0 | 0 |
_aFinance, Public _zUnited States. |
| 651 | 0 |
_aUnited States _xEconomic policy _xDecision making. |
|
| 651 | 0 |
_aUnited States _xEconomic conditions _y1981- |
|
| 942 |
_cBB _k338.973C8209 |
||
| 999 |
_c2085 _d2085 |
||